MARC

LEADER 00000nas a2200000 4500
001 ssj0012535
003 WaSeSS
005 20200512172242.0
006 m d
007 cr n
008 800411d197u2010ilumn p s 0 a0eng d
010 |a sn 80011124  
016 7 |a 9877969  |2 DNLM 
016 7 |a C55720000  |2 DNLM 
022 |l 0199-820X  |y 0199-820X 
035 |a (WaSeSS)ssj0012535 
040 |a NSD  |b eng  |c NSD  |d AIP  |d NSD  |d NST  |d NLM  |d NST  |d OCL  |d OCLCQ  |d DLC  |d UQ1  |d AZH  |d OCLCQ  |d DLC  |d CUS  |d HNK  |d OCLCF  |d OCLCQ  |d OCLCO  |d WaSeSS 
042 |a nsdp 
050 1 4 |a RA440 
082 0 4 |a 050 
210 0 |a Curr. health 1 
222 0 |a Current health 1 
245 0 0 |a Current health 1  |h [electronic resource]. 
246 3 |a Current health one 
260 |a [Highwood, IL]  |b [Curriculum Innovations] 
310 |a Monthly (during school year Sept. to May) 
500 |a "The beginning guide to health education." 
506 |a License restrictions may limit access. 
588 |a Latest issue consulted: Vol. 30, issue 6 (Feb. 2007). 
650 0 |a Health education (Elementary)  |v Periodicals. 
650 0 |a Health promotion  |v Periodicals. 
650 7 |a Health education (Elementary)  |2 fast  |0 (OCoLC)fst00952929 
650 7 |a Health promotion.  |2 fast  |0 (OCoLC)fst00953194 
650 1 7 |a Santé publique.  |2 rasuqam 
655 0 |a Electronic journals. 
785 0 0 |t Current health kids  |x 2157-5916  |w (DLC) 2010202111  |w (OCoLC)657385863 
850 |a ArU  |a NdU  |a OrU  |a TU 
856 4 0 |z Full text available from Research Library: 11/01/1996 to 05/31/2010  |u https://search.proquest.com/publication/48077